Dejepis pre 6. ročník ZŠ pre nepočujúcich a ZŠ pre žiakov so zvyškami sluchu /

Hlavní autor: Kratochvíl, Jan
Další autoři: Gažiová, Katarína
Jazyk: Slovenština
Vydáno: Bratislava : Slovenské pedagogické nakladateľstvo, 1983
Vydání: 1. vyd.
Témata:
Fyzický popis: 143 s.
Knihy
Uloženo v:
LEADER 00895nam a2200253 a 4500
001 000487863
003 CZ BrMZK
005 20100702105058.0
007 ta
008 000105s1983 xo f slo d
040 |a BOA001  |b cze 
041 1 |a slo  |h cze 
080 |a 93/99(075.2):376.353  |2 MRF 
100 1 |a Kratochvíl, Jan  |7 jx20040816016  |4 aut 
245 1 0 |a Dejepis pre 6. ročník ZŠ pre nepočujúcich a ZŠ pre žiakov so zvyškami sluchu /  |c Jan Kratochvíl, Katarína Gažiová 
250 |a 1. vyd. 
260 |a Bratislava :  |b Slovenské pedagogické nakladateľstvo,  |c 1983 
300 |a 143 s. 
500 |a Překl. z češt. 
700 1 |a Gažiová, Katarína  |7 jx20040722024  |4 aut 
910 |a BOA001  |b 2-0867.927 
964 |a Dějepis - učebnice - školy pro neslyšící 
990 |a BK 
996 7 |b 2619366296  |c 2-0867.927  |l MZK  |r Sklad / do 1 hodiny  |n 0  |w 000487863  |u 000010  |a 1  |e BOA001  |j MZK50  |s A